[Event "Landsturneringen NM i sjakk 2013"]
[Site "Radisson Blu Lillehammer Hotel"]
[Date "2013.06.29"]
[Round "5"]
[White "Thanke, Bror"]
[Black "Johnsen, Øystein"]
[Result "1/2-1/2"]
[WhiteElo "2106"]
[BlackElo "2031"]
[PlyCount "86"]
[EventDate "2013.??.??"]

1. e4 c5 2. Nf3 e6 3. d3 d5 4. e5 Nc6 5. d4 Be7 6. Bd3 Bd7 7. O-O Rc8 8. dxc5
Bxc5 9. Nbd2 h5 10. Nb3 Be7 11. Qe2 a6 12. Bd2 Nh6 13. Nfd4 g6 14. Rae1 Nf5 15.
Nxf5 gxf5 16. Kh1 Na5 17. Nd4 Nc4 18. Bc1 Bg5 19. f4 Be7 20. Rf3 h4 21. Rh3 Bc6
22. Rd1 Nb6 23. Be3 Nd7 24. Nxc6 Rxc6 25. c4 dxc4 26. Bxc4 Qc7 27. Bb3 Nc5 28.
Bc2 Nd7 29. Bb1 Nf8 30. Qf2 Ng6 31. Rf3 Kf8 32. h3 Kg7 33. Qe2 Rd8 34. Rff1 b5
35. Bd3 Rc8 36. Kh2 Kh6 37. Rg1 Kg7 38. g4 hxg3+ 39. Rxg3 Bh4 40. Rg2 Rh8 41.
Qf3 Kf8 42. Rdd2 Be7 43. Bf2 Qc8 1/2-1/2

[Event "Landsturneringen NM i sjakk 2013"]
[Site "Radisson Blu Lillehammer Hotel"]
[Date "2013.06.29"]
[Round "5"]
[White "Johnsen, Kjell Magne"]
[Black "Andersen, Per O"]
[Result "1/2-1/2"]
[WhiteElo "2005"]
[BlackElo "1945"]
[PlyCount "52"]
[EventDate "2013.??.??"]

1. d4 Nf6 2. c4 c5 3. d5 b5 4. cxb5 a6 5. bxa6 g6 6. Nc3 Bxa6 7. Nf3 Bg7 8. e4
Bxf1 9. Kxf1 d6 10. g3 O-O 11. Kg2 Nbd7 12. a4 Ne8 13. Bd2 Nc7 14. Rb1 Rb8 15.
h4 h5 16. Re1 Nf6 17. Na2 e6 18. dxe6 fxe6 19. Ng5 Qd7 20. f3 Nh7 21. b4 Nxg5
22. Bxg5 cxb4 23. Rxb4 Rxb4 24. Nxb4 Ra8 25. Re2 Rxa4 26. Nd3 Qb5 1/2-1/2

[Event "Landsturneringen NM i sjakk 2013"]
[Site "Radisson Blu Lillehammer Hotel"]
[Date "2013.06.29"]
[Round "5"]
[White "Woldseth, Ole"]
[Black "Machlik, Monika"]
[Result "1/2-1/2"]
[WhiteElo "1986"]
[BlackElo "1933"]
[PlyCount "128"]
[EventDate "2013.??.??"]

1. d4 Nf6 2. c4 e6 3. Nf3 Bb4+ 4. Bd2 a5 5. Qc2 d6 6. e4 Nc6 7. Bd3 e5 8. d5
Bxd2+ 9. Nbxd2 Nb4 10. Qc3 Nd7 11. Bb1 b6 12. a3 Na6 13. b4 Nab8 14. O-O O-O
15. Bd3 Nf6 16. Rfc1 Nbd7 17. Bf1 Qe7 18. Ne1 Nh5 19. Nd3 f5 20. c5 bxc5 21.
bxc5 Ndf6 22. f3 fxe4 23. cxd6 cxd6 24. Nxe4 Nxe4 25. fxe4 Ba6 26. Nf2 Rxf2 27.
Bxa6 Raf8 28. Qe3 R2f6 29. Bc8 Rg6 30. Bf5 Rgf6 31. Bg4 Nf4 32. g3 Rg6 33. Bf5
Qg5 34. Kh1 Nh5 35. Qxg5 Rxg5 36. Rc6 Nf6 37. Rxd6 Kh8 38. Re1 Rb8 39. Rc6 Nxd5
40. exd5 Rxf5 41. d6 Rd8 42. d7 Rf7 43. Rd1 h6 44. Rc8 Rff8 45. Rxd8 Rxd8 46.
Kg2 Kg8 47. Kf3 Kf7 48. Ke4 Ke6 49. a4 Rxd7 50. Rxd7 Kxd7 51. Kxe5 Kc6 52. Kd4
Kd6 53. g4 g6 54. Kc4 h5 55. gxh5 gxh5 56. Kb5 h4 57. h3 Kd5 58. Kxa5 Kc5 59.
Ka6 Kc6 60. a5 Kc7 61. Ka7 Kc6 62. a6 Kc7 63. Ka8 Kc8 64. a7 Kc7 1/2-1/2

[Event "Landsturneringen NM i sjakk 2013"]
[Site "Radisson Blu Lillehammer Hotel"]
[Date "2013.06.29"]
[Round "5"]
[White "Pedersen, Øyvind"]
[Black "Merkesvik, Sondre"]
[Result "0-1"]
[WhiteElo "1960"]
[BlackElo "1933"]
[PlyCount "68"]
[EventDate "2013.??.??"]

1. e4 Nf6 2. e5 Nd5 3. d4 d6 4. c4 Nb6 5. exd6 exd6 6. Nc3 Nc6 7. Be3 Be7 8. h3
Bf5 9. Nf3 O-O 10. Be2 d5 11. c5 Nc4 12. Bxc4 dxc4 13. O-O Bf6 14. a3 Bd3 15.
Ne2 Re8 16. Re1 Qd7 17. Qd2 Rad8 18. Rad1 h6 19. Qc3 b6 20. cxb6 axb6 21. Nf4
Nxd4 22. Bxd4 Rxe1+ 23. Rxe1 Bxd4 24. Nxd4 Qxd4 25. Re8+ Kh7 26. Rxd8 Qxd8 27.
a4 c5 28. b3 Qf6 29. Qd2 Qa1+ 30. Kh2 Qd4 31. g3 cxb3 32. Nxd3 c4 33. Qb4 Qxd3
34. Qxb6 Qc2 0-1

[Event "Landsturneringen NM i sjakk 2013"]
[Site "Radisson Blu Lillehammer Hotel"]
[Date "2013.06.29"]
[Round "5"]
[White "Lindsøe, Fredrik Aunan"]
[Black "Bryn, Askild"]
[Result "1/2-1/2"]
[WhiteElo "2008"]
[BlackElo "2052"]
[PlyCount "146"]
[EventDate "2013.??.??"]

1. Nf3 g6 2. d4 Bg7 3. c4 d6 4. g3 Nd7 5. Bg2 e5 6. O-O Ne7 7. Nc3 O-O 8. e4 h6
9. dxe5 dxe5 10. Qc2 Nc6 11. Be3 Nd4 12. Qd2 Nxf3+ 13. Bxf3 Kh7 14. Rfd1 c6 15.
Bc5 Re8 16. Qe3 b6 17. Ba3 Qc7 18. Bd6 Qb7 19. b4 Nf8 20. b5 Ne6 21. bxc6 Qxc6
22. Rd5 Nd4 23. Bd1 Be6 24. c5 Bxd5 25. exd5 Qc8 26. Ba4 Nf5 27. Qd2 Nxd6 28.
cxd6 Rd8 29. d7 Rxd7 30. Bxd7 Qxd7 31. Rd1 Rc8 32. Qd3 f5 33. Qb5 Qxb5 34. Nxb5
a6 35. Na7 Rc7 36. Nc6 e4 37. Nd8 Rd7 38. Ne6 Kg8 39. f3 exf3 40. Kf2 Be5 41.
Kxf3 Kf7 42. h3 Ke7 43. g4 Kd6 44. Nf8 fxg4+ 45. Kxg4 Rg7 46. h4 b5 47. Rd3 a5
48. Rd2 b4 49. h5 gxh5+ 50. Kxh5 a4 51. Ng6 Bc3 52. Rd3 Rb7 53. Nh4 b3 54. axb3
axb3 55. Nf5+ Ke5 56. Ne3 b2 57. Nc4+ Ke4 58. Rxc3 Kd4 59. Nxb2 Kxc3 60. Nd1+
Kd4 61. Nf2 Kxd5 62. Ng4 Rg7 63. Nxh6 Ke5 64. Ng4+ Kf4 65. Nh6 Rg1 66. Nf7 Kf5
67. Nh6+ Kf6 68. Ng4+ Kf5 69. Nh6+ Kf4 70. Nf7 Rg7 71. Nh6 Rb7 72. Kg6 Rb6+ 73.
Kh5 Rxh6+ 1/2-1/2

[Event "Landsturneringen NM i sjakk 2013"]
[Site "Radisson Blu Lillehammer Hotel"]
[Date "2013.06.29"]
[Round "5"]
[White "Martinsen, Stig K"]
[Black "Grønnestad, Anita"]
[Result "1/2-1/2"]
[WhiteElo "2145"]
[BlackElo "1895"]
[PlyCount "47"]
[EventDate "2013.??.??"]

1. d4 Nf6 2. c4 e6 3. Nc3 d5 4. cxd5 exd5 5. Bg5 Be7 6. e3 O-O 7. Bd3 c6 8. Qc2
Nbd7 9. Nge2 Re8 10. f3 h6 11. Bh4 Bb4 12. Bf2 Bd6 13. O-O-O b5 14. e4 b4 15.
Na4 dxe4 16. fxe4 Bb7 17. h3 Be7 18. Rhf1 Nf8 19. Be3 Qa5 20. Rf5 c5 21. Nxc5
Rac8 22. Kb1 Bxc5 23. Rxc5 Rxc5 24. dxc5 1/2-1/2

[Event "Landsturneringen NM i sjakk 2013"]
[Site "Radisson Blu Lillehammer Hotel"]
[Date "2013.06.29"]
[Round "6"]
[White "Sahl, Sheila Barth"]
[Black "Hobber, Anders"]
[Result "1/2-1/2"]
[WhiteElo "2185"]
[BlackElo "2287"]
[PlyCount "76"]
[EventDate "2013.??.??"]

1. c4 e5 2. Nc3 Bb4 3. g3 Nf6 4. Bg2 O-O 5. Nf3 Re8 6. O-O c6 7. d3 h6 8. Qb3
Bf8 9. e4 Na6 10. d4 d6 11. Be3 Ng4 12. Rad1 Nxe3 13. fxe3 Qc7 14. Rd2 g6 15.
Rdf2 Bg7 16. Kh1 Rf8 17. Qd1 Bg4 18. h3 exd4 19. exd4 Bxf3 20. Bxf3 Qe7 21. Kh2
Nc7 22. Rd2 Rad8 23. Rd3 Ne6 24. b4 c5 25. Nd5 Qe8 26. dxc5 dxc5 27. Bg2 cxb4
28. Nxb4 Qe7 29. Rxd8 Rxd8 30. Nd5 Qd6 31. Qf3 Rd7 32. Nf6+ Bxf6 33. Qxf6 Qd4
34. Qf2 Qxc4 35. Qxa7 Rd2 36. Rf2 Rxf2 37. Qxf2 Qd4 38. Qxd4 Nxd4
1/2-1/2

[Event "Landsturneringen NM i sjakk 2013"]
[Site "Radisson Blu Lillehammer Hotel"]
[Date "2013.06.29"]
[Round "6"]
[White "Mihajlov, Sebastian"]
[Black "Fossan, Petter"]
[Result "1/2-1/2"]
[WhiteElo "2120"]
[BlackElo "2168"]
[PlyCount "115"]
[EventDate "2013.??.??"]

1. d4 g6 2. c4 Bg7 3. Nf3 d6 4. Nc3 Nf6 5. e4 O-O 6. h3 e5 7. d5 a5 8. g4 Na6
9. Be3 Nc5 10. Nd2 h6 11. Be2 Bd7 12. h4 c6 13. g5 hxg5 14. h5 b5 15. dxc6 Bxc6
16. Bxc5 b4 17. Nd5 dxc5 18. hxg6 fxg6 19. Qb3 Bd7 20. O-O-O g4 21. Kb1 Nh5 22.
Qe3 Nf4 23. Nb3 Rc8 24. Nxc5 Rxc5 25. Qxc5 Nxe2 26. Qd6 Rf7 27. Qxg6 Nf4 28.
Qh7+ Kf8 29. Qh8+ Bxh8 30. Rxh8+ Kg7 31. Rxd8 Nh3 32. Ne3 Bc6 33. Nxg4 Bxe4+
34. Ka1 Nxf2 35. Nxe5 Nxd1 36. Nxf7 Ne3 37. Re8 Nc2+ 38. Kb1 Bg6 39. Kc1 Kxf7
40. Re5 a4 41. Ra5 a3 42. Ra7+ Ke8 43. Ra6 Bf5 44. Ra5 Bg6 45. Rg5 Bh7 46. Rb5
Kd8 47. bxa3 bxa3 48. Ra5 Kc8 49. Kd2 Kb7 50. Kc3 Kb6 51. Rh5 Be4 52. Rh4 Bf5
53. Rh5 Be4 54. Kb3 Kc6 55. Rh2 Kc5 56. Rh5+ Kc6 57. Rh2 Kc5 58. Rh5+
1/2-1/2

[Event "Landsturneringen NM i sjakk 2013"]
[Site "Radisson Blu Lillehammer Hotel"]
[Date "2013.06.29"]
[Round "6"]
[White "Forså, Espen"]
[Black "Thingstad, Even"]
[Result "1-0"]
[WhiteElo "2287"]
[BlackElo "2277"]
[PlyCount "91"]
[EventDate "2013.??.??"]

1. e4 c6 2. d4 d5 3. e5 Bf5 4. Nf3 e6 5. Be2 c5 6. Be3 cxd4 7. Nxd4 Ne7 8. Nd2
Nbc6 9. N2f3 Be4 10. O-O Ng6 11. Nxc6 bxc6 12. Nd4 Nxe5 13. f3 Bg6 14. f4 Nd7
15. f5 Bxf5 16. Nxc6 Qc7 17. Nd4 Be4 18. Nb5 Qb7 19. c4 a6 20. Nc3 Bc5 21. Bxc5
Nxc5 22. Qd4 Qa7 23. cxd5 exd5 24. Rad1 Ne6 25. Qxa7 Rxa7 26. Nxd5 O-O 27. b4
Rb8 28. a3 Bc2 29. Rd2 Ba4 30. Nc3 Bc6 31. Rf5 Nc7 32. Rd6 Bb5 33. Bxb5 Nxb5
34. Nxb5 axb5 35. Rxb5 Rba8 36. Rbd5 Kf8 37. Rd8+ Ke7 38. Rxa8 Rxa8 39. Rd3 f5
40. Kf2 g5 41. Ke3 Ke6 42. b5 Ra5 43. Rb3 Kd7 44. Kd4 Ra4+ 45. Ke5 Rf4 46. Rf3
1-0

[Event "Landsturneringen NM i sjakk 2013"]
[Site "Radisson Blu Lillehammer Hotel"]
[Date "2013.06.29"]
[Round "6"]
[White "Christiansen, Johan-Sebastian"]
[Black "Myhrvold, Rune"]
[Result "1/2-1/2"]
[WhiteElo "2089"]
[BlackElo "2198"]
[PlyCount "108"]
[EventDate "2013.??.??"]

1. c4 e5 2. Nc3 Nf6 3. Nf3 Nc6 4. g3 e4 5. Ng5 Ng4 6. Nh3 f5 7. Bg2 Bc5 8. O-O
O-O 9. Na4 Bd4 10. d3 e3 11. f3 Nf6 12. Nf4 Re8 13. Rb1 Qe7 14. a3 g5 15. Nh3
Qg7 16. Nc3 a6 17. Qa4 d6 18. Nd5 Nxd5 19. cxd5 b5 20. Qc2 Nd8 21. a4 bxa4 22.
Qxa4 Bd7 23. Qb4 h6 24. b3 Kh7 25. Qc4 Bb5 26. Qc2 Rc8 27. Bb2 c5 28. Bxd4 Qxd4
29. Qa2 Nf7 30. Qa5 Rf8 31. Rfc1 f4 32. Qb6 Rb8 33. Qc7 Rbc8 34. Qb7 Rb8 35.
Qc7 Qxd5 36. gxf4 Rb7 37. Qa5 gxf4 38. Nxf4 Qf5 39. Nh3 Rg8 40. Kh1 Ne5 41. Rg1
Rbg7 42. Qb6 Nxd3 43. exd3 Bxd3 44. Rbe1 Rxg2 45. Rxg2 Qxf3 46. Qc7+ Kh8 47.
Nf4 Be4 48. Ng6+ Bxg6 49. Qxd6 Be4 50. Qe5+ Kh7 51. Qe7+ Kh8 52. Qe5+ Kh7 53.
Qc7+ Kh8 54. Qe5+ Kh7 1/2-1/2

[Event "Landsturneringen NM i sjakk 2013"]
[Site "Radisson Blu Lillehammer Hotel"]
[Date "2013.06.29"]
[Round "6"]
[White "Salomon, Johan"]
[Black "Madland, Kristoffer"]
[Result "1-0"]
[WhiteElo "2230"]
[BlackElo "2105"]
[PlyCount "91"]
[EventDate "2013.??.??"]

1. e4 e6 2. d4 d5 3. Nd2 dxe4 4. Nxe4 Nd7 5. Nf3 Ngf6 6. Nxf6+ Nxf6 7. Bd3 Be7
8. O-O O-O 9. Ne5 c5 10. dxc5 Qd5 11. Qe2 Qxc5 12. Re1 Rd8 13. b3 Bd7 14. Bb2
Bc6 15. Rad1 Be8 16. Qf3 b6 17. a3 Rac8 18. b4 Qc7 19. Qh3 g6 20. Qf3 Bc6 21.
Qf4 Be8 22. Nxg6 Qxf4 23. Nxf4 Ba4 24. Rc1 Nd5 25. Nxd5 Rxd5 26. g3 h6 27. Re4
Bf6 28. Bxf6 Rxd3 29. Rg4+ Kf8 30. c3 Rf3 31. Bd4 Ke7 32. Rh4 Rd3 33. Re1 Bd1
34. Rxh6 Bf3 35. Bf6+ Kd6 36. Rh4 Rg8 37. Be5+ Kc6 38. Rc4+ Kb5 39. Rc7 Rgd8
40. a4+ Kxa4 41. Rxa7+ Kb3 42. Bd4 b5 43. Rxf7 e5 44. Rxf3 Rxf3 45. Rxe5 Rb8
46. Kg2 1-0

[Event "Landsturneringen NM i sjakk 2013"]
[Site "Radisson Blu Lillehammer Hotel"]
[Date "2013.06.29"]
[Round "6"]
[White "Gulbrandsen, Tor"]
[Black "Ulvin, Dag"]
[Result "1-0"]
[WhiteElo "1958"]
[BlackElo "2212"]
[PlyCount "44"]
[EventDate "2013.??.??"]

1. e4 c5 2. c3 Nf6 3. e5 Nd5 4. d4 cxd4 5. Nf3 Nc6 6. Bc4 Nb6 7. Bb3 d5 8. exd6
Qxd6 9. O-O Be6 10. Na3 a6 11. Bxe6 Qxe6 12. Nxd4 Nxd4 13. Qxd4 Rd8 14. Qb4 Qc6
15. Nc2 e6 16. Qg4 h5 17. Qe2 Bc5 18. Be3 g6 19. Nd4 Qc7 20. Nxe6 fxe6 21. Bxc5
Kf7 22. Bd4 Rhf8
1-0

[Event "Landsturneringen NM i sjakk 2013"]
[Site "Radisson Blu Lillehammer Hotel"]
[Date "2013.06.29"]
[Round "6"]
[White "Mihajlov, Svetoslav"]
[Black "Stray, Gunnar"]
[Result "1-0"]
[WhiteElo "2026"]
[BlackElo "2032"]
[PlyCount "97"]
[EventDate "2013.??.??"]

1. e4 c5 2. Nf3 e6 3. d4 cxd4 4. Nxd4 a6 5. c4 Nc6 6. Nc2 Nf6 7. Nc3 Qc7 8. f4
d6 9. Be2 b6 10. O-O Bb7 11. Be3 Rc8 12. Na4 Nd7 13. b4 Be7 14. Rc1 Bf6 15. c5
dxc5 16. bxc5 bxc5 17. Nxc5 Nxc5 18. Bxc5 Be7 19. Bxe7 Nxe7 20. Nd4 Qd7 21.
Rxc8+ Bxc8 22. Nb3 Qa7+ 23. Qd4 Qxd4+ 24. Nxd4 O-O 25. Kf2 Rd8 26. Ke3 a5 27.
Rc1 Bd7 28. Rc7 Nc8 29. Nb3 Nd6 30. Nxa5 Ba4 31. Nb7 Nxb7 32. Rxb7 g5 33. fxg5
Rc8 34. Ra7 Bc6 35. Bh5 Be8 36. Be2 Kg7 37. h4 h6 38. gxh6+ Kxh6 39. g4 Kg7 40.
a4 Bc6 41. a5 Ba4 42. a6 e5 43. g5 Rc3+ 44. Kf2 Bc2 45. Bh5 Bxe4 46. Rxf7+ Kg8
47. Re7 Rc5 48. a7 Ra5 49. Bf3 1-0

[Event "Landsturneringen NM i sjakk 2013"]
[Site "Radisson Blu Lillehammer Hotel"]
[Date "2013.06.29"]
[Round "6"]
[White "Vea, Odin Blikra"]
[Black "Lillevold, Frode"]
[Result "1/2-1/2"]
[WhiteElo "2184"]
[BlackElo "2067"]
[PlyCount "119"]
[EventDate "2013.??.??"]

1. e4 e5 2. Nf3 Nc6 3. Bb5 Nf6 4. d3 Bd6 5. O-O O-O 6. Nbd2 a6 7. Bxc6 dxc6 8.
Nc4 Re8 9. b3 b5 10. Ne3 g6 11. h3 Nh5 12. Ng4 f6 13. Nh6+ Kg7 14. Ng4 Nf4 15.
Kh2 Bxg4 16. hxg4 h5 17. g3 hxg4 18. gxf4 gxf3 19. Qxf3 Rh8+ 20. Kg2 exf4 21.
Bxf4 Bxf4 22. Qxf4 Qd6 23. Qxd6 cxd6 24. a4 b4 25. c3 bxc3 26. Rac1 c5 27. Rxc3
Rab8 28. d4 Rh5 29. dxc5 Rxc5 30. Rd3 a5 31. Rh1 f5 32. exf5 Rxf5 33. Rh4 Rbf8
34. f3 Rb8 35. Rhd4 d5 36. Rxd5 Rxd5 37. Rxd5 Rxb3 38. Rxa5 Rb4 39. Ra6 Kh6 40.
Kg3 Kg5 41. Ra8 Rc4 42. Kf2 Kf4 43. Ke2 Rd4 44. Rf8+ Kg3 45. Ra8 Kf4 46. Rf8+
Kg3 47. a5 Ra4 48. Ra8 Kf4 49. a6 Ra2+ 50. Kd3 Kxf3 51. Kc4 g5 52. Rf8+ Kg2 53.
Kb5 g4 54. Rf4 g3 55. Ra4 Rxa4 56. Kxa4 Kf2 57. a7 g2 58. a8=Q g1=Q 59. Qf8+
Ke2 60. Qe7+ 1/2-1/2

[Event "Landsturneringen NM i sjakk 2013"]
[Site "Radisson Blu Lillehammer Hotel"]
[Date "2013.06.29"]
[Round "6"]
[White "Olsen, Anders"]
[Black "Gandrud, Vegar Koi"]
[Result "1/2-1/2"]
[WhiteElo "1948"]
[BlackElo "2237"]
[PlyCount "96"]
[EventDate "2013.??.??"]

1. d4 Nf6 2. c4 g6 3. Nc3 Bg7 4. e4 d6 5. Nf3 O-O 6. Be2 e5 7. O-O Na6 8. d5
Nc5 9. Qc2 a5 10. Ne1 b6 11. Bg5 h6 12. Be3 Ne8 13. f3 f5 14. a3 f4 15. Bxc5
bxc5 16. Nd3 Qg5 17. Nf2 Bd7 18. b4 axb4 19. axb4 Rxa1 20. Rxa1 cxb4 21. Nb5 h5
22. Qb3 Bxb5 23. cxb5 Nf6 24. Qxb4 Nd7 25. Ra7 Rc8 26. Qa5 Qd8 27. Nd3 Nb6 28.
Nb4 Ra8 29. Rxa8 Qxa8 30. Qxa8+ Nxa8 31. Na6 Bf6 32. Nxc7 Nxc7 33. b6 Bd8 34.
b7 Na6 35. Bxa6 Bc7 36. h4 Kf7 37. Bb5 g5 38. hxg5 Kg6 39. Be8+ Kxg5 40. Kf1 h4
41. Ke2 Kf6 42. Kd3 Ke7 43. Bc6 Bb8 44. Kc4 Kd8 45. Kb5 Ke7 46. Kb6 Kd8 47. Bb5
Ke7 48. Kc6 Kd8 1/2-1/2

[Event "Landsturneringen NM i sjakk 2013"]
[Site "Radisson Blu Lillehammer Hotel"]
[Date "2013.06.29"]
[Round "6"]
[White "Merkesvik, Sondre"]
[Black "Aulin-Jansson, Jøran"]
[Result "0-1"]
[WhiteElo "1933"]
[BlackElo "2188"]
[PlyCount "60"]
[EventDate "2013.??.??"]

1. Nf3 Nf6 2. g3 d5 3. Bg2 Bf5 4. O-O e6 5. c4 c6 6. d4 h6 7. Nc3 Be7 8. b3 O-O
9. e3 Nbd7 10. Bb2 Rc8 11. Rc1 Ne4 12. Qe2 Bg4 13. Rfd1 f5 14. Qd3 Qe8 15. Ne2
g5 16. Ne1 Qh5 17. f3 Bh3 18. fxe4 fxe4 19. Qd2 Nf6 20. Nc2 Bxg2 21. Kxg2 Ng4
22. h4 Rf2+ 23. Kg1 gxh4 24. Nf4 Qf5 25. Qc3 hxg3 26. Rd2 Bd6 27. Rxf2 Nxf2 28.
Rf1 Rf8 29. Bc1 Bxf4 30. exf4 Qh3
0-1

[Event "Landsturneringen NM i sjakk 2013"]
[Site "Radisson Blu Lillehammer Hotel"]
[Date "2013.06.29"]
[Round "6"]
[White "Machlik, Monika"]
[Black "Johnsen, Kjell Magne"]
[Result "0-1"]
[WhiteElo "1933"]
[BlackElo "2005"]
[PlyCount "70"]
[EventDate "2013.??.??"]

1. d4 Nf6 2. c4 e6 3. Nc3 Bb4 4. e3 c5 5. d5 Bxc3+ 6. bxc3 d6 7. g3 e5 8. Bg2
e4 9. Ne2 Qe7 10. O-O Bf5 11. Rb1 b6 12. Qa4+ Qd7 13. Qc2 Qe7 14. a4 Nbd7 15.
a5 O-O 16. h3 Rfb8 17. g4 Bg6 18. Nf4 bxa5 19. Rxb8+ Rxb8 20. Qa2 h6 21. Qxa5
Ne5 22. Qa2 Bh7 23. Bd2 g5 24. Ne2 h5 25. gxh5 Nxh5 26. Ng3 Nxg3 27. fxg3 Nf3+
28. Bxf3 exf3 29. Bc1 Be4 30. Bd2 Qb7 31. Be1 Qb2 32. Rf2 Qb1 33. Qd2 Qa1 34.
Kh2 Rb1 35. Rf1 Rb2 0-1

[Event "Landsturneringen NM i sjakk 2013"]
[Site "Radisson Blu Lillehammer Hotel"]
[Date "2013.06.29"]
[Round "6"]
[White "Andersen, Per O"]
[Black "Laverton, Christian"]
[Result "1/2-1/2"]
[WhiteElo "1945"]
[BlackElo "2001"]
[PlyCount "69"]
[EventDate "2013.??.??"]

1. d4 d5 2. Nf3 Nf6 3. e3 c6 4. Bd3 Bg4 5. c4 Nbd7 6. cxd5 cxd5 7. O-O e6 8.
Qb3 Bxf3 9. gxf3 Qb6 10. Bd2 Bd6 11. Nc3 a6 12. Rfc1 O-O 13. Na4 Qxb3 14. axb3
e5 15. Nc5 exd4 16. exd4 Nxc5 17. dxc5 Be5 18. Rc2 Nh5 19. Ra4 g6 20. c6 bxc6
21. Rxc6 Bxb2 22. Rcxa6 Rxa6 23. Rxa6 Rc8 24. Ra2 Bc1 25. Be1 Nf4 26. Bf1 Kg7
27. b4 d4 28. b5 d3 29. b6 Rc6 30. b7 Rb6 31. Bc3+ Kh6 32. Be5 Ne2+ 33. Bxe2
dxe2 34. Rxe2 Rxb7 35. Bd4 1/2-1/2

[Event "Landsturneringen NM i sjakk 2013"]
[Site "Radisson Blu Lillehammer Hotel"]
[Date "2013.06.29"]
[Round "6"]
[White "Thanke, Bror"]
[Black "Andreassen, Arnold"]
[Result "1-0"]
[WhiteElo "2106"]
[BlackElo "1979"]
[PlyCount "99"]
[EventDate "2013.??.??"]

1. e4 c5 2. Nf3 d6 3. d4 cxd4 4. Nxd4 Nf6 5. Nc3 g6 6. Bc4 Bg7 7. h3 Nc6 8. Be3
O-O 9. Bb3 Na5 10. O-O b6 11. Re1 Bb7 12. Bg5 h6 13. Bh4 Rc8 14. Bd5 g5 15. Bg3
Nxd5 16. Nxd5 e6 17. Nc3 Be5 18. Nde2 Nc4 19. b3 Bxg3 20. Nxg3 Na3 21. Re3 b5
22. Rc1 b4 23. Nce2 d5 24. Rd3 Qf6 25. exd5 Bxd5 26. c4 bxc3 27. Nxc3 Bc6 28.
Nce4 Bxe4 29. Nxe4 Qe5 30. Nd6 Rxc1 31. Qxc1 Nb5 32. Nc4 Qe4 33. Qd1 Nc7 34.
Rd4 Qc6 35. Ne5 Qc3 36. Nd7 Rc8 37. Rc4 Qa5 38. Rc5 Qxa2 39. Nf6+ Kg7 40. Rxc7
Rxc7 41. Ne8+ Kg6 42. Nxc7 h5 43. Ne8 Qb2 44. g3 Qe5 45. Qd3+ f5 46. Qe3 Qa1+
47. Kh2 e5 48. Qc5 Qd4 49. Qc6+ Kf7 50. Nd6+ 1-0

[Event "Landsturneringen NM i sjakk 2013"]
[Site "Radisson Blu Lillehammer Hotel"]
[Date "2013.06.29"]
[Round "6"]
[White "Johnsen, Øystein"]
[Black "Woldseth, Ole"]
[Result "1/2-1/2"]
[WhiteElo "2031"]
[BlackElo "1986"]
[PlyCount "96"]
[EventDate "2013.??.??"]

1. d4 Nf6 2. Nf3 e6 3. e3 b6 4. Nbd2 Bb7 5. Bd3 c5 6. O-O cxd4 7. exd4 Be7 8.
c3 O-O 9. Qc2 d6 10. Ng5 h6 11. Nge4 Nbd7 12. f4 Rc8 13. Rf3 Nxe4 14. Bxe4 Bxe4
15. Qxe4 d5 16. Qd3 Nf6 17. f5 Qd7 18. Nf1 Ne4 19. Ng3 Nxg3 20. hxg3 exf5 21.
Rxf5 g6 22. Rf2 Kg7 23. Bf4 Rc6 24. Raf1 Re6 25. Qd1 Bd6 26. Qd2 Bxf4 27. gxf4
f5 28. Re1 Rfe8 29. Re5 Rxe5 30. dxe5 Kf7 31. Qd4 Rc8 32. Rd2 Ke6 33. a4 Qc6
34. Kf2 g5 35. g3 Qc5 36. Ke3 Rg8 37. Kf3 h5 38. Rh2 g4+ 39. Ke3 Rh8 40. Qxc5
bxc5 41. Rh4 a5 42. Kd3 Kf7 43. b3 Kg6 44. Kc2 Rb8 45. Rh1 Rh8 46. Kd2 Kf7 47.
Rh4 Kg6 48. Kc2 Kf7 1/2-1/2

[Event "Landsturneringen NM i sjakk 2013"]
[Site "Radisson Blu Lillehammer Hotel"]
[Date "2013.06.29"]
[Round "6"]
[White "Grønnestad, Anita"]
[Black "Bryn, Askild"]
[Result "1/2-1/2"]
[WhiteElo "1895"]
[BlackElo "2052"]
[PlyCount "83"]
[EventDate "2013.??.??"]

1. c4 g6 2. Nc3 Bg7 3. g3 d6 4. Bg2 e5 5. e4 Nc6 6. Nge2 Nge7 7. O-O O-O 8. d3
Be6 9. Nd5 Qd7 10. Bh6 f6 11. Bxg7 Kxg7 12. f4 Nd4 13. Nxd4 exd4 14. f5 Bxd5
15. cxd5 g5 16. Rc1 c5 17. Qg4 Rac8 18. h4 h6 19. Rc2 Rc7 20. Qh5 Qe8 21. Qxe8
Rxe8 22. e5 Rd8 23. exf6+ Kxf6 24. Re2 Kf7 25. Re6 Ng8 26. hxg5 hxg5 27. Rg6 g4
28. Rxg4 Nf6 29. Rh4 Rg8 30. Kh2 Ng4+ 31. Kh3 Ne3 32. Rf2 Kf6 33. g4 Rcg7 34.
Bf3 b5 35. Rh6+ Ke5 36. Bg2 Nxg2 37. Rxg2 c4 38. f6 Rf7 39. Rh5+ Kxf6 40. g5+
Kg7 41. dxc4 bxc4 42. Rh4 1/2-1/2

[Event "Landsturneringen NM i sjakk 2013"]
[Site "Radisson Blu Lillehammer Hotel"]
[Date "2013.06.29"]
[Round "6"]
[White "Haanshuus, Aslak"]
[Black "Pedersen, Øyvind"]
[Result "1/2-1/2"]
[WhiteElo "2031"]
[BlackElo "1960"]
[PlyCount "43"]
[EventDate "2013.??.??"]

1. d4 Nf6 2. Nf3 c5 3. e3 e6 4. Bd3 d5 5. b3 b6 6. Bb2 Bd6 7. O-O O-O 8. Nbd2
Bb7 9. Ne5 Nbd7 10. f4 Rc8 11. Qf3 Qc7 12. Qh3 Ne4 13. c4 Ndf6 14. Ndf3 Qe7 15.
Ng4 Nxg4 16. Qxg4 f6 17. Nh4 f5 18. Qh5 cxd4 19. Bxd4 Bc5 20. Nf3 Qf7 21. Qxf7+
Rxf7 22. Ne5 1/2-1/2

[Event "Landsturneringen NM i sjakk 2013"]
[Site "Radisson Blu Lillehammer Hotel"]
[Date "2013.06.29"]
[Round "7"]
[White "Hobber, Anders"]
[Black "Mihajlov, Sebastian"]
[Result "1/2-1/2"]
[WhiteElo "2287"]
[BlackElo "2120"]
[PlyCount "31"]
[EventDate "2013.??.??"]

1. d4 d5 2. c4 c6 3. Nf3 Nf6 4. Qc2 dxc4 5. Qxc4 Bf5 6. g3 e6 7. Bg2 Nbd7 8.
O-O Be7 9. e3 O-O 10. Qe2 b5 11. Nc3 b4 12. Nb1 Rc8 13. Nbd2 c5 14. b3 Ne4 15.
Nxe4 Bxe4 16. Bb2
1/2-1/2

[Event "Landsturneringen NM i sjakk 2013"]
[Site "Radisson Blu Lillehammer Hotel"]
[Date "2013.06.29"]
[Round "7"]
[White "Myhrvold, Rune"]
[Black "Sahl, Sheila Barth"]
[Result "1-0"]
[WhiteElo "2198"]
[BlackElo "2185"]
[PlyCount "79"]
[EventDate "2013.??.??"]

1. e4 c5 2. c3 g6 3. Nf3 Bg7 4. d4 cxd4 5. cxd4 d5 6. e5 Nc6 7. Bb5 f6 8. O-O
Nh6 9. exf6 exf6 10. Re1+ Kf7 11. Nc3 Nf5 12. Ba4 Nfe7 13. Bf4 a6 14. Bb3 Bf8
15. Ne4 Kg7 16. Nc5 h6 17. Rc1 Kh7 18. Ne6 Bxe6 19. Rxe6 Nf5 20. Ba4 Ng7 21.
Re2 Nh5 22. Be3 Ne7 23. Rec2 Rc8 24. Bb3 Ng7 25. Rxc8 Nxc8 26. Nh4 Bd6 27. Qf3
Ne7 28. g3 Bb8 29. Ng2 Ngf5 30. Nf4 Bxf4 31. Qxf4 Nxe3 32. fxe3 Nc6 33. Rc5 Re8
34. Bxd5 Nb4 35. Bf7 Nd3 36. Qg4 g5 37. Qf5+ Kg7 38. Qg6+ Kf8 39. Bxe8 Qxe8 40.
Qxd3
1-0

[Event "Landsturneringen NM i sjakk 2013"]
[Site "Radisson Blu Lillehammer Hotel"]
[Date "2013.06.29"]
[Round "7"]
[White "Fossan, Petter"]
[Black "Forså, Espen"]
[Result "1-0"]
[WhiteElo "2168"]
[BlackElo "2287"]
[PlyCount "55"]
[EventDate "2013.??.??"]

1. e4 c5 2. Nf3 Nc6 3. c3 d5 4. exd5 Qxd5 5. d4 Bf5 6. dxc5 Qxd1+ 7. Kxd1 Nf6
8. Bb5 e5 9. Be3 Ng4 10. b4 f6 11. Ke2 Nxe3 12. fxe3 O-O-O 13. Nbd2 Ne7 14. e4
Be6 15. Bc4 Bg4 16. Kf2 Ng6 17. Nf1 Nf4 18. Ne3 Bxf3 19. Kxf3 g6 20. Rhd1 Bh6
21. Rxd8+ Rxd8 22. Rd1 Re8 23. Rd6 Bg7 24. h4 Nh5 25. Be6+ Kb8 26. Bg4 Bf8 27.
Rd7 Ng7 28. Rf7
1-0

[Event "Landsturneringen NM i sjakk 2013"]
[Site "Radisson Blu Lillehammer Hotel"]
[Date "2013.06.29"]
[Round "7"]
[White "Christiansen, Johan-Sebastian"]
[Black "Salomon, Johan"]
[Result "1/2-1/2"]
[WhiteElo "2089"]
[BlackElo "2230"]
[PlyCount "53"]
[EventDate "2013.??.??"]

1. d4 Nf6 2. c4 e6 3. Nc3 Bb4 4. Qc2 d5 5. Nf3 O-O 6. Bd2 b6 7. e3 Ba6 8. Qb3
c5 9. a3 Bxc3 10. Bxc3 cxd4 11. Bxd4 Nc6 12. Qa4 Nxd4 13. Nxd4 Bb7 14. Be2 dxc4
15. O-O e5 16. Nf5 Be4 17. Rfd1 Qc7 18. Nd6 Bd5 19. Bxc4 Qxd6 20. Bxd5 Nxd5 21.
e4 Nc3 22. bxc3 Qc7 23. Rd3 Rad8 24. Rad1 Rxd3 25. Rxd3 g6 26. h3 Rc8 27. Qb5
1/2-1/2